Statistics for Countries that have participated in the FIFA World Cup

Click here to take the quiz!

General Stats

  • This quiz has been taken 514 times
    (175 since last reset)
  • The average score is 61 of 78

Answer Stats

Country % Correct
Brazil
96%
Italy
95%
United States
95%
Russia
93%
Argentina
93%
England
93%
France
93%
Spain
93%
China
92%
Germany
92%
Portugal
91%
Mexico
91%
South Korea
90%
Sweden
90%
Japan
90%
Egypt
88%
Canada
88%
Australia
88%
Norway
88%
Netherlands
88%
Uruguay
88%
Chile
87%
Croatia
87%
Scotland
84%
Serbia
84%
Ireland
84%
Poland
84%
South Africa
84%
Belgium
84%
Greece
83%
Denmark
82%
Colombia
82%
Wales
82%
Morocco
82%
Switzerland
82%
Austria
82%
Iran
82%
Hungary
81%
Peru
81%
Iceland
81%
Slovakia
80%
New Zealand
80%
Saudi Arabia
80%
Panama
80%
Paraguay
80%
Czech Republic
78%
Ukraine
78%
Algeria
78%
Turkey
78%
Bolivia
77%
Bulgaria
77%
Iraq
77%
Romania
76%
North Korea
76%
Slovenia
76%
Costa Rica
75%
Nigeria
75%
Ghana
73%
Bosnia and Herzegovina
72%
Cameroon
72%
Ecuador
72%
Tunisia
71%
Northern Ireland
70%
Honduras
69%
Cuba
68%
Jamaica
64%
Senegal
64%
Ivory Coast
63%
Israel
57%
D.R. Congo
53%
El Salvador
53%
Trinidad and Tobago
53%
Togo
49%
Indonesia
49%
Angola
48%
United Arab Emirates
48%
Haiti
45%
Kuwait
43%

Score Distribution

Percentile by Number Answered

Percent of People with Each Score

Your Score History

You have not taken this quiz since the last reset